[Event "Qatar Masters op"]
[Site "Doha"]
[Date "2015.12.24"]
[Round "5"]
[White "Mamedyarov, Shakhriyar"]
[Black "Khismatullin, Denis Rimovich"]
[Result "1-0"]
[WhiteElo "2748"]
[BlackElo "2654"]
[Annotator "Sagar Shah"]
[PlyCount "75"]
[EventDate "2015.12.20"]
[EventType "swiss"]
[EventRounds "9"]
[EventCountry "QAT"]
[SourceTitle "CBM 170"]
[Source "ChessBase"]
[SourceDate "2016.01.15"]
[SourceVersion "1"]
[SourceVersionDate "2016.01.15"]
[SourceQuality "1"]

{Mamedyarov played the entire Qatar Masters Open 2015 in a creative mood. His
game against Lenderman was judged by many as one of the most creative attacks
they had seen. This game against Khismatullin was also filled with loads and
loads of excitement. It was a pity that Shakhriyar lost in the last two rounds
to Carlsen and Sjugirov to finish quite low on the final standings list.} 1. d4
Nf6 2. c4 e6 3. Nf3 b6 4. a3 Ba6 5. Qc2 Bb7 6. Nc3 c5 7. e4 cxd4 8. Nxd4 Bc5 9.
Nf3 (9. Nb3 {is the more common move.}) 9... Ng4 {So how is White planning to
defend his f2 point? Krasenkow thought Bg5-h4 was the best idea while two
other players went Nd1. Mamedyarov has his own ideas when it comes to having
some fun!} 10. b4 $5 {This was played immediately by Shakhriyar, which meant
that he was well prepared.} Bxf2+ {In for a penny, in for a pound.
Khismatullin takes the pawn but spent 17 minutes on this decision.} 11. Ke2 {
The threat is h3 and hence the bishop has to get away from f2.} Bh4 12. h3 Nh6
$6 {The knight gets sidelined on h6.} (12... Nf6 $1 {This was the most
appropriate move. But when you have been surprised over the board it is not
easy to find resources like these.} 13. Nxh4 Nh5 $1 {[%cal Gh5g3,Gd8h4]} 14.
Nf3 Ng3+ $15 {Black is better.}) 13. g4 $1 {g5 is coming up next and hence the
bishop has to retreat.} Be7 14. g5 Ng8 {One by one all of the black pieces are
pushed back. But Black has absolutely no weaknesses and hence his position is
perfectly fine.} 15. Bf4 a6 (15... h6 $5 16. gxh6 (16. Nb5 hxg5 $1 17. Nc7+ Kf8
18. Bg3 (18. Nxa8 gxf4 $19) 18... Nf6 19. Nxg5 Nh5 $19) 16... g5 17. Bh2 Nxh6
18. Nb5 Na6 $13 {when the position is highly interesting.}) 16. Rd1 h6 17. g6
$6 {With such a lead in development the position is not at all easy for Black
to play. But you can bank on Khismatullin to find the resources. After all a
creative player like him thrives on such positions.} (17. gxh6 {would have
been a safer choice.} Nxh6 18. Rg1 $36) 17... f5 $1 18. Ne5 {Blow for blow! A
Nf7 fork is threatened But Black can avoid it by getting his queen out.} Qc7
19. Bh2 $6 (19. Ke3 $6 Bg5 $1 $17) (19. Qd2 $5 {seemed like the best bet.} Nf6
20. Nf7 Qxc4+ (20... Qc6 21. b5 $1 (21. Nxh8 Nxe4 22. Nxe4 Qxe4+ 23. Qe3 Qxh1
24. Nf7 Nc6 25. Nd6+ Bxd6 26. Bxd6 Qe4 $17 {After the queen exchange Black is
better because of the extra material that he possesses.}) 21... axb5 22. cxb5
Qc5 23. Nd6+ $1 Bxd6 24. Bxd6 Nxe4 25. Nxe4 Qc4+ 26. Kf2 Qxe4 27. Rh2 $16) 21.
Ke1 Qc6 22. b5 axb5 23. Bxb5 Qc5 24. Bd6 Nxe4 25. Nxe4 Bh4+ 26. Nf2 Qxb5 {
That's how crazy the position is. I am scared to even put an evaluation
although the engines scream 0.00!}) 19... Nf6 $1 $17 {Black's pieces are
coming out once again and White is under pressure to prove his compensation.}
20. Nf7 Qxc4+ 21. Ke1 Qc8 22. Bg2 (22. Nxh8 Nxe4 $1 $19 (22... Bxe4 $17 {
is also strong.})) 22... Nxe4 23. Nxh8 Nxc3 $17 {Black is better. He is an
exchange down but has three extra pawns and the N on h8 is out of the game.
Yet in such crazy positions the margin for error is pretty low and as the game
shows Khismatullin goes wrong pretty soon.} 24. Rd3 (24. Bxb7 Qxb7 $19 {
[%cal Gb7h1]}) 24... Bh4+ 25. Bg3 Bxg2 $1 (25... Bxg3+ $2 26. Rxg3 Bxg2 27.
Rxc3 Qb7 28. Rc8+ Ke7 29. Qc3 $18) 26. Bxh4 (26. Qxg2 Bxg3+ 27. Qxg3 Ne4 $19)
26... Bxh1 (26... Qc4 $1 {attacking the h4-bishop would have been stronger. If
the knight on c3 is not taken then ...Qe4+ is a dangerous threat.} 27. Qxc3 (
27. Rxc3 Qxh4+ 28. Kd1 Bxh1 $19) 27... Qxh4+ (27... Qxc3+ 28. Rxc3 Bxh1 29.
Rc8#) 28. Kd1 Nc6 {Black is an exchange down but has a bunch of pawns and the
exposed position of the white king gives him an excellent position.} 29. Qxg7
O-O-O $15) 27. Nf7 Kf8 28. Rxc3 Nc6 {Black is three pawns up but little does
Shakhriyar care about things like that. He has the dark squared bishop and
tries to complicate the play.} 29. Bg3 Qe8 30. Bd6+ Kg8 31. Qd2 {This is the
problem in opposite coloured bishop endgames. No matter how many extra pawns
you have, if these pawns are blockaded then they would never make themselves
felt.} Ne7 32. Nxh6+ $1 gxh6 33. Qxh6 Qxg6 34. Rg3 $1 Kf7 35. Rxg6 Nxg6 36.
Qh7+ Kf6 37. h4 Nf8 38. Be7+ {Objectively the game was not very high on
quality. But what about the entertainment quotient? Both players tried to stir
up complications to the maximum extent! In the end it was Mamedyarov who
emerged victorious although Khismatullin tried his best.} 1-0

[Event "Tilburg"]
[Site "Tilburg"]
[Date "1994.??.??"]
[Round "5"]
[White "Akopian, Vladimir Eduardovic"]
[Black "Salov, Valery"]
[Result "0-1"]
[WhiteElo "2630"]
[BlackElo "2710"]
[Annotator "Salov,V"]
[PlyCount "122"]
[EventDate "1994.09.??"]
[EventType "k.o."]
[EventRounds "7"]
[EventCountry "NED"]
[SourceTitle "CBM 044"]
[Source "ChessBase"]
[SourceDate "1995.02.01"]
[SourceVersion "1"]
[SourceVersionDate "1995.02.01"]
[SourceQuality "1"]

1. d4 {Ftacnik Dautov} Nf6 2. c4 e6 3. Nf3 b6 4. a3 Bb7 5. Nc3 d5 6. cxd5 Nxd5
7. Bd2 Nd7 8. Qc2 c5 (8... N5f6 {Dautov} 9. e4 c5 10. d5 $13) (8... Be7 {
Ftacnik} 9. e4 Nxc3 10. Bxc3 O-O 11. O-O-O $14 {Akopian,V-Granda Zuniga/
Groningen/1993/}) 9. e4 Nxc3 10. Bxc3 cxd4 11. Nxd4 a6 12. g3 (12. Rd1 {Dautov}
Qc7 13. Be2 Be7 14. O-O O-O $10) 12... Qc7 $146 (12... Be7 {Dautov} 13. Bg2 O-O
14. O-O Qc7 15. Rac1 Rac8 16. Qe2 Qb8 17. Rfd1 Rfd8 18. Rc2 Nf6 19. f3 Nd7 20.
Rcd2 Nc5 $10 {Votruba-Stoica/Athens op/1984}) (12... Nc5 {Ftacnik} 13. Bg2 e5
14. Nf5 Nd3+ 15. Ke2 a5 16. Rhd1 $16) 13. Bg2 Bc5 14. Qe2 $10 (14. Nb3 $1 {
Dautov} Be7 15. O-O O-O 16. Rac1 Rac8 17. Qd2 {>=}) 14... O-O 15. O-O Rac8 16.
Rfd1 Rfd8 17. Rac1 Bf8 18. Qe3 (18. Nb3 {Dautov} Qb8 19. Bd4 $10) (18. Bd2 $10
{Ftacnik}) 18... Nc5 (18... Ne5 19. Bb4 Nc4 20. Qe2 Bxb4 21. axb4 {פc4}) 19.
Be1 $6 (19. f3 Na4 20. Bb4 $10) 19... Qd7 $1 {/\e6-e5} 20. Rd2 (20. Bh3 $2 {
Dautov} Nxe4 21. Nxe6 Qxd1 22. Rxd1 Rxd1 23. Nxf8 Rcc1 $19) 20... Qa4 $1 21. b4
(21. f3 {Dautov} e5 22. Nf5 Rxd2 (22... Nb3 $2 23. Rxd8 Rxd8 24. Qxb6) 23. Bxd2
Nb3 24. Rxc8 Bxc8 $15) 21... Nd7 22. Rdc2 (22. Qb3 Rxc1 23. Qxa4 Rxe1+ 24. Bf1
Ne5 $40) (22. Rxc8 {Ftacnik} Rxc8 23. Qb3 Qxb3 24. Nxb3 Ne5 $17) 22... Rxc2 23.
Rxc2 Ne5 (23... e5 $2 {Dautov} 24. Qb3 Qxb3 25. Nxb3 $10) 24. Rc1 (24. Qb3 Qxb3
25. Nxb3 Rd1 26. Rc1 (26. Kf1 {Dautov} Bc6 (26... Nd3 27. Ke2 Nxe1 28. Kxd1
Nxg2 $2 29. Re2 $16 {/\f3}) 27. Ke2 Rd6 $36 {/\Bb5}) 26... Rxc1 27. Nxc1 b5 {
><a3}) (24. Rc7 {Dautov} Qd1 25. Rxb7 Rxd4 $17 {/\Rd3}) 24... b5 25. Bc3 $2 (
25. Bf1 $4 Rxd4 $19 (25... Rxd4 $1 {Ftacnik} 26. Qxd4 Nf3+ $19)) (25. Ra1 $8
Nc4 26. Qc3) 25... Nc4 26. Qg5 Qxa3 27. Nf5 (27. Rc2 {Dautov} Rd7 $17) (27.
Nxe6 $2 {Dautov} h6 $19) 27... exf5 28. Bxg7 Qxc1+ (28... Bxg7 {Ftacnik} 29.
Qxd8+ Bf8 30. Qg5+ $10) 29. Qxc1 Bxg7 30. exf5 Bxg2 (30... Nb2 31. Qc7 Rd1+ 32.
Bf1 Bf3 33. Qb8+ Bf8 34. Qf4 $132) 31. Kxg2 Rd2 32. Qe1 Bd4 33. Qe7 h6 (33...
Rxf2+ $6 {Dautov} 34. Kh3 $132 (34. Kh3 {Ftacnik} h6 35. Qd8+)) 34. Kh3 Kg7 (
34... Bxf2 $2 {Ftacnik} 35. f6 $1) 35. f4 Bf6 36. Qa7 h5 37. Qg1 $1 (37. Qxa6
Ne3 38. Qa7 (38. Qxb5 {Ftacnik} Ng4 $19) 38... Nf1 $1 $19 (38... Ng4 $4 39.
Qxf7+ $1 $10)) 37... Kg8 $22 (37... a5 $5 {Dautov} 38. bxa5 Nxa5 39. Qb6 Nc4
40. Qxb5 Ne3 41. Qc5 Nf1 $19 (41... Ng4 $2 42. Qf8+ $1 $10)) 38. Qe1 Kg7 39.
Qg1 Bd4 40. Qe1 Kf8 41. Kh4 $5 (41. Qc1 {Ftacnik} Rf2 42. Qd1 Bf6 43. Qxh5 Ne3
44. Qh6+ (44. g4 Nf1 $19) 44... Ke7 45. Qh7 (45. Qh5 Nf1 46. Qd1 Rxh2+ 47. Kg4
Ne3+) 45... Nf1 46. Qg8 Rxh2+ 47. Kg4 Rh8 $19) 41... Rxh2+ 42. Kg5 Ne3 (42...
Kg7 $4 43. Qe7 $1) 43. f6 (43. Kh6 {Ftacnik} Ng4+ 44. Kh7 (44. Kg5 Bf6#) 44...
Bg7 $19) 43... Nd5 44. Qd1 $1 (44. Qe4 Bxf6+ 45. Kf5 Rd2) 44... Bxf6+ 45. Kh6
Bg7+ 46. Kg5 Bf6+ 47. Kh6 Bg7+ 48. Kg5 Nf6 $19 49. Qd8+ (49. Qd6+ Kg8 50. Qd8+
(50. Qxa6 {Ftacnik} Ne4+ 51. Kf5 Nxg3+ $19) 50... Kh7 51. Qd3+ Kh8 52. Qd8+ Ng8
$19) 49... Ne8 50. Qc8 Bf6+ 51. Kh6 (51. Kf5 {Dautov} Rg2 $19) 51... Bg7+ 52.
Kg5 (52. Kh7 Rc2 53. Qxc2 Nf6#) 52... Bf6+ 53. Kh6 Be7 54. Kh7 (54. Qxa6 h4 (
54... Rg2 {Dautov} 55. Qxb5 h4 $19 (55... Rxg3 $19 {Ftacnik})) 55. g4 Rd2 56.
Qc8 h3 57. g5 h2 58. Qh3 Ng7 $19) 54... Rg2 55. Qc3 Nf6+ 56. Kh8 Re2 (56... h4
{Dautov} 57. g4 Rxg4 $4 58. Qc8+) 57. f5 Re4 58. Qc8+ Ne8 59. Qc6 (59. Qxa6 {
Dautov} Bf6+ 60. Kh7 h4 61. Qc6 Rg4 $19) 59... Bf6+ 60. Kh7 Rc4 61. Qxa6 Bg7 (
61... Bg7 62. Qa8 Rc6 63. Qxc6 Nf6+ $19) 0-1

[Event "Amsterdam Euwe Memorial"]
[Site "Amsterdam"]
[Date "1991.??.??"]
[Round "2"]
[White "Salov, Valery"]
[Black "Ljubojevic, Ljubomir"]
[Result "1/2-1/2"]
[WhiteElo "2645"]
[BlackElo "2590"]
[Annotator "Salov,V"]
[PlyCount "154"]
[EventDate "1991.05.??"]
[EventType "tourn"]
[EventRounds "9"]
[EventCountry "NED"]
[EventCategory "16"]
[SourceTitle "CBM 023"]
[Source "ChessBase"]
[SourceDate "1991.08.01"]
[SourceVersion "1"]
[SourceVersionDate "1991.08.01"]
[SourceQuality "1"]

1. d4 {Schussler} Nf6 2. c4 e6 3. Nf3 b6 4. Nc3 Bb7 5. a3 d5 6. cxd5 Nxd5 7.
Qc2 Nxc3 8. Qxc3 Bd6 $5 9. Bg5 f6 10. Bh4 Nd7 11. e3 Qe7 (11... O-O 12. Bg3 e5
13. Bc4+ Kh8 14. O-O-O Qe7 $10 {Georgiev,Kir-Kortchnoi,V, Wijk aan Zee 1985})
12. Bb5 c6 $1 $8 13. Ba4 (13. Bxc6 $2 Rc8 14. Bxd7+ (14. Bxb7 Rxc3 15. bxc3 Nb8
$1) 14... Qxd7 15. Qd3 Qa4 $44) 13... b5 14. Bb3 (14. Bc2 c5 $1 15. O-O Rc8 16.
Rfd1 cxd4 17. Qxd4 Rxc2 18. Qxd6 Qxd6 19. Rxd6 Bxf3 (19... Ke7 $4 20. Rxe6+ $1)
20. gxf3 Ke7 $15 {This line demonstrates that c2 is not the most expedient
square for the white bishop.}) 14... c5 15. O-O O-O 16. Rfd1 Kh8 (16... Rac8 $5
) 17. Bg3 c4 $1 18. Bc2 f5 $2 (18... Bxf3 $142 $1 19. gxf3 f5 $1 20. Bxd6 Qxd6
21. a4 $1 $10) 19. Bxd6 Qxd6 20. Ne5 $1 $14 a5 $1 (20... Nxe5 21. dxe5 Qc6 22.
f3 Rfd8 23. Qa5 $16) 21. b3 cxb3 22. Bxb3 Rac8 $2 (22... a4 $142 23. Ba2 $14)
23. Qxa5 Nxe5 24. dxe5 Qxe5 25. Qb6 $1 $16 {Apparently Black has overlooked
this strong manoeuvre; after 25...Qe4 26.f3! the pawn e3 is protected by the
Queen.} Bc6 26. Rac1 Bd7 27. Rxc8 Bxc8 28. h3 (28. Rd8 Qa1+ 29. Bd1 Kg8 $14) (
28. Qd6 $1 $16) 28... h6 29. Qd6 (29. Rd8 $2 Qa1+ 30. Kh2 Qxa3 $10) 29... Qxd6
30. Rxd6 Kh7 31. Kh2 Kg6 32. Bc2 $1 Kf6 33. Bd3 Ke7 34. Rb6 Bd7 35. Bxb5 $2 (
35. Rb7 $142 $1 Kd6 36. Bxb5 Bxb5 37. Rxb5 Ra8 38. Rb7 Ke5 39. Rxg7 Kf6 40. Rh7
Kg6 41. Rb7 Rxa3 42. g4 $1 $16) 35... Bxb5 36. Rxb5 Ra8 37. Rb3 g5 $1 $14 {
Now White preserves only practical winning chances.} 38. Kg3 Ra4 39. Kf3 h5 40.
Ke2 h4 41. Kd3 Kf6 42. Kc2 Ra8 43. Kb2 Rd8 44. Rc3 Rd2+ 45. Rc2 Rd3 46. Rc3
Rd2+ 47. Rc2 Rd3 48. a4 g4 49. Rc3 Rd2+ 50. Rc2 Rd3 51. a5 Rd5 52. a6 Ra5 53.
Rc6 Ke7 54. Rb6 Kd7 55. Kb3 Ra1 56. Kb2 Ra5 57. Rb7+ (57. f3 g3 58. Rb4 Rxa6
59. Rxh4 Rb6+ $1 60. Kc3 Ra6 $1 $14) 57... Kc6 58. Re7 (58. Ra7 $142) 58... Kd6
59. Ra7 Ke5 60. f3 gxf3 $1 (60... g3 61. Ra8 f4 62. Rh8 $1 Rxa6 63. Rxh4 fxe3
64. Re4+ $14) 61. gxf3 f4 $1 $10 62. exf4+ Kxf4 63. Rf7+ Kg3 64. a7 Kxh3 65.
Rg7 e5 $1 66. Kb3 Kh2 67. Kb4 Ra1 68. Kb5 h3 69. Kb6 Rb1+ 70. Kc6 Ra1 71. Kb7
Rb1+ 72. Kc8 Ra1 73. Kb8 Rb1+ 74. Kc7 Ra1 75. Kd6 Ra5 76. Ke6 Kh1 77. Kf5 Kh2
1/2-1/2

[Event "World Cup"]
[Site "Reykjavik"]
[Date "1991.??.??"]
[Round "4"]
[White "Portisch, Lajos"]
[Black "Gulko, Boris F"]
[Result "1-0"]
[WhiteElo "2570"]
[BlackElo "2565"]
[Annotator "Salov,V"]
[PlyCount "51"]
[EventDate "1991.09.??"]
[EventType "tourn"]
[EventRounds "15"]
[EventCountry "ISL"]
[EventCategory "16"]
[SourceTitle "CBM 026"]
[Source "ChessBase"]
[SourceDate "1992.02.01"]
[SourceVersion "1"]
[SourceVersionDate "1992.02.01"]
[SourceQuality "1"]

1. d4 Nf6 2. c4 e6 3. Nf3 b6 4. a3 Ba6 5. Qc2 Bb7 6. Nc3 c5 7. dxc5 bxc5 {
7...Bc5 8.Bf4 0-0 - E39} 8. Bf4 d6 (8... Be7 9. e3 O-O 10. Be2 Nh5 11. Bg3 f5
12. Rd1 d6 13. Bxd6 Bxd6 14. Nb5 Qa5+ 15. b4 cxb4 16. Nxd6 bxa3+ 17. Qd2 Qc7
18. Ng5 Qe7 19. Nxb7 Qxg5 20. Bf3 $44 {Nikolic-Chandler,Reykjavik 1991}) (8...
Nh5 $1 9. Bg5 Be7 10. Bxe7 Qxe7 11. e3 O-O 12. Be2 Nf6 13. O-O Nc6 $10 {
Yusupov-Miles,USSR-World 1984}) 9. Rd1 (9. e3 Be7 10. h3 $5 O-O 11. Be2 Qb6 12.
O-O Rd8 13. b4 $14 {Ivanchuk-Arnason,Moscow(GMA)1990}) 9... Qb6 10. e3 Be7 11.
Be2 O-O 12. O-O Nbd7 13. Rd2 Rfd8 14. Rfd1 Nf8 15. Ng5 $5 {TN} (15. b4 cxb4 16.
axb4 Rac8 $6 17. Nd4 Ba8 18. Ndb5 e5 19. Bg5 a6 20. Bxf6 gxf6 21. Na3 Qxb4 22.
Nab1 $14 {Lobron-Polugaevsky,Biel 1986}) 15... Ng6 $6 (15... h6 $6 16. Nge4
Nxe4 17. Nxe4 d5 18. Nc3 $14) (15... Rd7 $1 16. Nge4 Nxe4 17. Nxe4 Rad8 $10)
16. Bg3 d5 (16... Rd7 $5 17. h4 Nf8 $14) 17. cxd5 exd5 18. Bf3 Bc6 (18... h6
19. Nh3 d4 20. Bxb7 dxc3 21. Bxa8 cxd2 22. Bf3 Qa5 23. e4 $1 $16 {/\e4-e5-e6} (
23. Nf4 Ne5 24. Be2 c4 $1 $132)) 19. h4 Qb7 20. Qf5 h6 $2 (20... d4 $142 21.
exd4 Rxd4 $16) 21. Nxf7 $1 Kxf7 22. Nxd5 $6 (22. Bh5 $142 Kg8 23. Bxg6 d4 24.
exd4 cxd4 25. Rxd4 Rxd4 26. Rxd4 Bxg2 27. Be5 $18) 22... Nf8 $4 (22... Bxd5 $1
23. Bxd5+ (23. Rxd5 Qc8 $1) 23... Rxd5 24. Rxd5 Qxb2 25. e4 Qc2 $132) 23. Nxf6
$1 $18 g6 (23... gxf6 24. Bh5+ Kg7 25. Qg4+ Kh8 26. Bf7 Nd7 $8 27. Qg6 Be4 28.
Qxh6+ Bh7 29. Bg6 Nf8 30. Rxd8 Rxd8 31. Rxd8 Bxd8 32. Qxf8+ $18) 24. Qf4 Ne6
25. Bxc6 Qxc6 26. Qe4 1-0

[Event "Munich"]
[Site "Munich"]
[Date "1990.??.??"]
[Round "?"]
[White "Jussupow, Artur"]
[Black "Brunner, Lucas"]
[Result "1/2-1/2"]
[WhiteElo "2615"]
[BlackElo "2525"]
[Annotator "Schluricke,R"]
[PlyCount "63"]
[EventDate "1990.04.??"]
[EventType "tourn"]
[EventRounds "11"]
[EventCountry "GER"]
[EventCategory "13"]
[SourceTitle "EXT 2005"]
[Source "ChessBase"]
[SourceDate "2004.11.15"]
[SourceVersion "1"]
[SourceVersionDate "2004.11.15"]
[SourceQuality "1"]

1. d4 e6 2. Nf3 Nf6 3. Bg5 c5 $5 4. e3 cxd4 (4... h6 5. Bh4 Qb6 6. Qc1 cxd4 7.
Bxf6 gxf6 8. exd4 d5 9. Be2 Nc6 10. c3 e5 11. O-O Be6 12. Na3 Rc8 13. Nc2 h5
14. Rb1 h4 15. Qd1 e4 16. Nfe1 f5 17. f4 Bd6 $17 {Spassky,B-Schmittdiel,E/
BL89/90 1990}) (4... Be7 5. dxc5 (5. Nbd2 b6 6. c3 Bb7 7. Bd3 Nc6 8. a3 O-O 9.
e4 d6 10. h3 cxd4 11. cxd4 e5 12. d5 Nb8 13. Be3 Nbd7 14. b4 Rc8 15. Rc1 $14 {
Seiravan,Y-Andersson,U/ World Cup Skelleftea 1989}) 5... Bxc5 6. c4 Bb4+ $5 7.
Nbd2 b6 8. Bd3 Nc6 9. O-O Be7 10. Rc1 Bb7 11. Qe2 O-O 12. Rfd1 Qc7 13. Bf4 d6
14. h3 Rac8 15. a3 Rfd8 16. Bh2 Qb8 $11 {Jussupow,A-Karpov,A/ London
Candidates 1989}) (4... b6 5. d5 h6 6. Bxf6 Qxf6 7. Nc3 a6 (7... d6 8. Nd2 e5
9. Bb5+ Bd7 10. O-O Bxb5 11. Nxb5 Qd8 12. f4 a6 13. Nc3 Nd7 14. f5 Be7 15. Nce4
Nf6 16. Nxf6+ Bxf6 17. Qh5 $14 {Chernin,A-Kudrin,S/ Mendoza 1985}) 8. Na4 exd5
9. Qxd5 Ra7 10. O-O-O Bb7 11. Qd2 Be7 12. Nc3 O-O 13. Bc4 b5 14. Bd5 {Zaichik,
G-Gipslis,A/ Berlin East 1988}) 5. exd4 b6 (5... Be7 6. Bd3 b6 7. Qe2 (7. Nbd2
Bb7 8. O-O O-O 9. Re1 d6 10. Nf1 Nbd7 11. Ng3 Re8 12. Bd2 Qc7 13. Qe2 Bf8 14.
Rac1 {Arkhipov,S-Gulko,B/ Sochi 1985/ 1/2-1/2 (14)}) 7... Bb7 8. O-O O-O 9.
Nbd2 d6 10. Rfe1 Re8 11. Bxf6 Bxf6 12. Ne4 Be7 13. Qe3 Nd7 14. Neg5 Bxg5 15.
Nxg5 Nf6 {Imanaliev-T-Gulko,B/ Frunze 1985}) 6. Bd3 Bb7 7. O-O Be7 8. c4 O-O 9.
Nc3 d5 10. Bxf6 Bxf6 11. cxd5 exd5 12. Qb3 Nc6 13. Rad1 Na5 14. Qc2 g6 15. Rfe1
Re8 16. Rxe8+ Qxe8 17. h3 Rc8 18. Re1 Qd8 19. Qe2 Nc4 20. Ne5 Bg7 21. f4 Qh4
22. Rf1 Bh6 23. Bxc4 dxc4 24. Ne4 Qd8 25. d5 $1 Bg7 26. Rd1 b5 27. Qe3 f6 28.
Qxa7 Rc7 29. Nf3 Rd7 30. Nc5 Rxd5 31. Re1 Bc8 32. Ne6 1/2-1/2

[Event "WchT Seniors 50"]
[Site "Radebeul"]
[Date "2016.06.29"]
[Round "4.2"]
[White "Bischoff, Klaus"]
[Black "Speelman, Jonathan S"]
[Result "1-0"]
[WhiteElo "2500"]
[BlackElo "2523"]
[Annotator "Schulz,Andre"]
[PlyCount "67"]
[EventDate "2016.06.26"]
[EventType "team-swiss"]
[EventRounds "9"]
[EventCountry "GER"]
[SourceTitle "CBM 173 Extra"]
[Source "ChessBase"]
[SourceDate "2016.08.29"]
[SourceVersion "1"]
[SourceVersionDate "2016.08.29"]
[SourceQuality "1"]
[WhiteTeam "Germany"]
[BlackTeam "England"]
[WhiteTeamCountry "GER"]
[BlackTeamCountry "ENG"]

1. d4 Nf6 2. c4 e6 3. Nf3 b6 4. a3 Bb7 5. Nc3 d5 6. Bg5 ({Die Hauptvariante ist
} 6. cxd5 Nxd5 7. Qc2 Nxc3 8. bxc3) 6... Nbd7 7. cxd5 exd5 8. e3 Be7 9. Be2 (9.
Bd3) 9... O-O 10. O-O Re8 11. Qc2 a6 12. Rfd1 (12. b4 Bd6 13. Rfe1 Qe7 14. Bd3
Qf8 15. Nd2 c5 16. bxc5 bxc5 17. dxc5 Bxc5 18. Nb3 Bxa3 19. Na5 Rec8 20. Bf5
Rc7 21. Nxb7 Bb4 22. Bf4 Rxc3 23. Qb2 Rc6 24. Rec1 Rac8 25. Rxc6 Rxc6 26. Qb3
Qc8 27. e4 Qxb7 28. e5 Nc5 29. Qh3 g6 30. exf6 Rxf6 31. Bc8 Qe7 32. Bg5 Ne4 33.
Bxf6 Qxf6 34. Rf1 Bc5 35. Qf3 Qc6 36. Qg4 Nxf2 37. Rxf2 Be3 38. h4 Qc1+ 39. Kh2
Bxf2 {0-1 (39) Olafsson,H (2470)-Arnason,J (2545) Reykjavik 1995}) 12... Nh5
13. Bxe7 Qxe7 14. b4 Nhf6 15. Qb2 c6 16. a4 {Eine ausglichene Position ist
erreicht, die an die Abtauschvariante des Damengambits erinnert.} a5 17. Rab1
axb4 18. Qxb4 Qe6 $11 (18... Qxb4 19. Rxb4 Ba6 $11) 19. Ne1 Ba6 20. Bxa6 Rxa6
21. Nd3 g5 22. Nc1 Ne4 23. Nxe4 dxe4 ({Oder} 23... Qxe4 24. Ne2 Qg6 25. Rdc1
Re6 $11) 24. Ne2 Rea8 25. Nc3 Nf6 26. Rdc1 Kg7 27. Qb3 Nd5 (27... Qxb3 28. Rxb3
Re8 $11) 28. Qc2 Re8 29. h3 {[#] Weiß hat nun das etwas bessere Spiel, ohne
dass die Partie entschieden. Mit seinem nächsten unvorsichtigen Zug wirft
Speelman die Partie jedoch weg.} h5 $2 {Ermöglicht einen simplen
Doppelangriff.} 30. Qe2 Ra5 31. Nxd5 cxd5 32. Qxh5 {Und g5 hängt nun auch.}
Qf6 33. Rb5 Rea8 (33... Rxb5 34. axb5 Z0 {gefolgt von} 35. Rc6 $18) 34. Rxa5 (
34. Rxa5 bxa5 (34... Rxa5 35. Rc8 Qh6 36. Rg8+ $18) 35. Rc5) 1-0

[Event "Budapest Honved"]
[Site "Budapest"]
[Date "1991.??.??"]
[Round "?"]
[White "Lutz, Christopher"]
[Black "Petran, Pal"]
[Result "1-0"]
[WhiteElo "2545"]
[BlackElo "2425"]
[Annotator "Schussler,H"]
[PlyCount "67"]
[EventDate "1991.??.??"]
[EventType "tourn"]
[EventRounds "11"]
[EventCountry "HUN"]
[EventCategory "9"]
[SourceTitle "CBM 027"]
[Source "ChessBase"]
[SourceDate "1992.04.01"]
[SourceVersion "1"]
[SourceVersionDate "1992.04.01"]
[SourceQuality "1"]

1. d4 Nf6 2. c4 e6 3. Nf3 b6 4. a3 Bb7 5. Nc3 d5 6. cxd5 Nxd5 7. e3 Be7 8. Bb5+
c6 9. Bd3 c5 $6 (9... O-O 10. Qc2 h6 11. e4 Nxc3 12. bxc3 c5 13. O-O Nc6 14.
Bb2 Rc8 15. Qe2 Na5 16. Rad1 cxd4 17. cxd4 Bf6 18. Rfe1 Qc7 19. h3 Rfd8 20. Rc1
$14 {Ribli,Z-Hort,V (CBM 27 game 200)}) 10. Nxd5 Bxd5 11. e4 Bb7 12. Bb5+ $1
Bc6 13. Bxc6+ Nxc6 14. d5 $14 exd5 15. exd5 Na5 16. O-O O-O 17. Bf4 Bd6 18. Bd2
$1 Nc4 19. Bc3 Re8 20. Re1 Rxe1+ 21. Qxe1 Qe8 22. Qf1 b5 23. Qd3 h6 24. a4 a6
25. b3 Nb6 26. a5 Nd7 27. Re1 Qd8 28. g3 Ra7 29. Nh4 $1 $16 Nf6 30. Nf5 Bf8 31.
d6 $18 Ne8 32. Rd1 Rd7 33. Ne7+ Rxe7 (33... Bxe7 34. dxe7 Rxd3 35. exd8=Q $18)
34. dxe7 {34. - Qxe7 35.Qd7! (35.Re1 Qd6) + -} 1-0

[Event "Interzonal-14c"]
[Site "Zagreb"]
[Date "1987.??.??"]
[Round "1"]
[White "Polugaevsky, Lev"]
[Black "Gruenfeld, Yehuda"]
[Result "1/2-1/2"]
[WhiteElo "2595"]
[BlackElo "2545"]
[Annotator "Schussler,H"]
[PlyCount "66"]
[EventDate "1987.08.01"]
[EventType "tourn"]
[EventRounds "17"]
[EventCountry "YUG"]
[EventCategory "12"]
[SourceTitle "CBM 004"]
[Source "ChessBase"]
[SourceDate "1988.06.01"]
[SourceVersion "1"]
[SourceVersionDate "1988.06.01"]
[SourceQuality "1"]

1. d4 Nf6 2. c4 e6 3. Nf3 b6 4. a3 Bb7 5. Nc3 d5 6. cxd5 exd5 7. g3 Be7 8. Qa4+
c6 9. Bg2 O-O 10. O-O Nbd7 11. Bf4 Re8 12. Rad1 a5 $5 13. Qc2 Nf8 14. Ne5 Ne6 (
14... Ng6) 15. Bc1 $6 (15. Be3 $142 $1 {/\ f4+/=}) 15... Bd6 16. f4 b5 $6 (
16... c5 $142 $5) 17. e4 Qb6 $6 (17... b4 $142 $1 $13) 18. Be3 Bxe5 19. fxe5
Ng4 20. Qe2 $14 Nxe3 21. Qxe3 Rad8 22. exd5 cxd5 23. Ne2 Re7 24. Nf4 Rc7 (24...
Nxf4 25. gxf4 {/\ f5+/-}) 25. Bh3 Bc8 $6 (25... Nxf4 $1 26. gxf4 Qg6+ $1 27.
Kh1 (27. Bg2 Qf5 $10) 27... Qe4+) 26. Bxe6 $16 Bxe6 (26... fxe6 27. Nh5 $16 {|^
}) 27. Nh5 Rdc8 28. Qg5 g6 29. Rf2 $2 (29. Rf3 $142 $1 {/\ g4+-} Rc4 $1 (29...
Kf8 30. Qh6+ Ke7 31. Nf6 {/\ Qh4+-}) 30. Qh6 $1 gxh5 31. Rf5 Bxf5 (31... f6 32.
exf6 $18) 32. Qxb6 $16) 29... b4 30. axb4 Qxb4 $10 31. Nf6+ Kg7 32. Nh5+ Kg8
33. Nf6+ Kg7 1/2-1/2